| 000 | 00990cam1a220028900 4500 | ||
|---|---|---|---|
| 001 | lce00101138 | ||
| 005 | 20190830123021.0 | ||
| 008 | 760722s1976 ctubf b 001 0 eng | ||
| 010 | _a 76005261 //r912 | ||
| 020 |
_c _22.50 |
||
| 035 | _a(Sirsi) r29953 | ||
| 035 | _a(DLC) 76005261 //r912 | ||
| 035 | _a(UPRA)lce00101138 | ||
| 040 |
_aDLC _cDLC _dDLC |
||
| 043 | _apo----- | ||
| 050 | 0 | 0 |
_aDU29 _b.O25 1976 |
| 082 | 0 | 0 | _a990 |
| 245 | 0 | 0 |
_aOceania and beyond : _bessays on the Pacific since 1945 / _cF. P. King, editor. |
| 260 |
_aWestport, Conn. : _bGreenwood Press, _c1976. |
||
| 504 | _aIncludes bibliographical references and index. | ||
| 651 | 0 |
_aOceania -- Politics and government. _xOceania -- Politics and government. _6S46069.1 |
|
| 651 | 0 |
_aOceania -- Economic conditions. _xOceania -- Economic conditions. _6S58786.1 |
|
| 700 | 1 |
_aKing, F. P. _6A94408.1 |
|
| 949 |
_aDU29 _wlcc _i-33616 _mMAIN _tBOOK _lON-SHELF |
||
| 004 | 29953 | ||
| 987 | _aaccession : unreadable? | ||
| 999 |
_c199180 _d199180 |
||